000
00219nam a22000857a 4500
008
170526b xxu||||| |||| 00| 0 eng d
100
_9
3123
_a
Pandya.J.
245
_a
Gandhiji and his Disciples
260
_a
New Delhi
_b
NBIT
_c
1998
999
_c
6411
_d
6411